000
00258nam a2200109Ia 4500
008
190914s9999||||xx |||||||||||||| ||und||
100
_a
James P.Lewis
245
0
_a
Project Leadership
260
_a
New York
_b
McGraw Hill
_c
2013
300
_a
624
942
_c
BK
999
_c
9015
_d
9015